| 000 | 00809 am a2200229ua 4500 | ||
|---|---|---|---|
| 001 | 010043459 | ||
| 005 | 20201124142651.0 | ||
| 008 | 850923s1985 xxkadk gr 001 0 eng d | ||
| 020 | _a0330286315 (pbk) | ||
| 040 |
_aUk _cUk |
||
| 082 | 0 | 4 |
_a658.5 _222 _bHUG |
| 100 | 1 |
_aHughes, Chris, _d1949- _935103 |
|
| 245 | 1 | 0 |
_aProduction and operations management : _ba fresh approach / _cChris Hughes. |
| 260 |
_aLondon ; _aSydney, Australia : _bPan Books Ltd., _c1985 _e(Bungay, United Kingdom : _fRichard Clay (The Chaucer Press) Ltd.) |
||
| 300 |
_a361 p. : _bchart, forms, tables ; _c20 cm. |
||
| 490 | 0 | _aPan breakthrough books | |
| 500 | _aIndex : p. 359-361. | ||
| 653 |
_bBUSADM _cFebruary2014 |
||
| 655 |
_vreading book _934232 |
||
| 690 | 7 |
_aManagement and Business Studies _2blcoll |
|
| 942 |
_2ddc _k658.5 HUG |
||
| 999 |
_c18042 _d18014 |
||